Bandas Argentinas - Estadísticas

Estadísticas generales
  • Esta prueba ha sido intentada 136 veces
  • La puntuación promedio es 18 de 28
Estadísticas de respuestas
Imagen Respuesta % Correcto
La Renga
94%
Los Piojos
93%
Callejeros
91%
Sumo
88%
Attaque 77
87%
Viejas Locas
87%
Patricio Rey y sus Redonditos de Ricota
86%
Las Pastillas del Abuelo
84%
Soda Stereo
84%
El Bordo
77%
Catupecu Machu
76%
Almafuerte
75%
Los Gardelitos
68%
Riff
68%
Hermetica
65%
Guasones
62%
Intoxicados
60%
Kapanga
56%
Seru Giran
54%
2 Minutos
53%
Bersuit Vergarabat
48%
Divididos
47%
La 25
44%
Cielo Razzo
42%
V8
36%
Jóvenes Pordioseros
31%
Ciro y los Persas
25%
Ratones Paranoicos
16%
No se encontraron pruebas coincidentes
Distribución de puntuación
Porcentaje de gente con cada puntuación
Porcentaje por número respondido
Historial de tus puntuaciones
No has intentado esta prueba.